Statistics for Fast Typing 100 - 1 In Order

Click here to take the quiz!

General Stats

  • This quiz has been taken 906 times
  • The average score is 68 of 100

Answer Stats

#% Correct
100
100%
99
96%
98
94%
97
93%
96
92%
92
91%
93
91%
94
91%
95
91%
90
90%
91
90%
88
89%
89
89%
82
88%
83
88%
84
88%
85
88%
86
88%
87
88%
81
87%
78
86%
79
86%
80
86%
71
85%
72
85%
73
85%
74
85%
75
85%
76
85%
77
85%
70
84%
67
83%
68
83%
69
83%
62
82%
63
82%
64
82%
65
82%
66
82%
61
81%
60
80%
56
79%
57
79%
58
79%
59
79%
55
78%
53
77%
54
77%
51
75%
52
75%
50
74%
49
73%
47
72%
48
72%
46
71%
45
70%
43
69%
44
69%
41
68%
42
68%
40
67%
39
65%
37
64%
38
64%
35
63%
36
63%
33
62%
34
62%
32
60%
31
59%
30
58%
28
54%
29
54%
26
52%
27
52%
25
51%
23
50%
24
50%
22
47%
21
45%
20
44%
18
42%
19
42%
17
41%
16
40%
15
39%
14
38%
13
37%
12
36%
11
34%
10
33%
7
31%
8
31%
9
31%
4
30%
5
30%
6
30%
1
29%
2
29%
3
29%

Score Distribution

Percentile by Number Answered

Percent of People with Each Score

Your Score History

You have not taken this quiz